000 00515nam a22001817a 4500
005 20250718101216.0
008 250718b |||||||| |||| 00| 0 eng d
020 _a978-1-305-62721-5
050 _aHF 1379 .P462 2016
_b109277
100 _aMIKE, BENG W.
245 _aGLOBAL3:GLOBAL BUSINESS
260 _aUSA
_bCENGAGE LEARNING,BOSTON,MA,2016
_c2016
300 _aIII-262P.
500 _aIT HAS MAPS AT THE BACK
650 _aCOMMERCE,INTERNATIONAL GLOBAIZATION
700 _aMIKE BENG
942 _2lcc
_cBK
999 _c215934
_d215934